000 00356nam a22001697a 4500
003 UA-OsUOA
001 1640
007 ta
008 20050721b un ||||| |||| 00| 0 ukr d
100 _aBulkin
700 _aRene
942 _cBK
040 _aUA-OsUOA
_cUA-OsUOA
_dUA-OsUOA
245 _aWashington, D.C.
_bCountry Studies
955 _a2
650 7 _2UDC
999 _c287802
_d287802